000 00557nam a2200217Ia 4500
005 20251120162001.0
008 230125s9999 xx 000 0 und d
020 _a81-7505-323-2
041 _aeng
082 _a158.1
_bAMA
100 _aAmartyananda S
_9214912
245 _aEffective Life Management
250 _a2nd ed
260 _c2009
_bAdvaita ashrama pub
_aKolkata
300 _a158.1p
500 _aPersonality Development,
650 _aPersonality Development
_9213420
700 _aAmartyananda S
_9214912
906 _b8
942 _cDB
999 _c85894
_d85894